000 01614nam a22002777a 4500
005 20181011114437.0
008 140429n1910 fr ||||fr|||| 00| 0 fre d
040 _cSandra Yazo
_dSandra Yazo
041 0 _afre
082 0 4 _2843.3
_a20
092 _aE47N022
100 1 _aBourget, Paul
_d1852-1935
_960359
242 0 3 _aLa época
_cPaul Bourget
_yspa
245 1 0 _aL’ Étape
_cPaul Bourget
260 _aParís (Francia)
_bLibrairie Plon ; Plon-Nourrit et Cie. [Librería Plon ; Plon-Nourrit y Compañía]
_c[fecha desconocida]
300 _a516 páginas
_c18 x 12 cm.
500 _aDetalles físicos: Encuadernación rígida (holandesa) en cartón forrado en papel jaspeado. Lomo de tela texturizada adornos en dorado. Guardas. Hoja de cortesía. Anteportada. Portada impresa en una sola tinta con un grabado de la marca tipográfica del editor-impresor. Dedicatoria. Texto impreso en una sola columna. Notas de pie de página. Índice. Tapa delantera con papel rasgado. Bordes del papel con oxidación. Papel de págs. 451 a 466 con rotura.
505 _aUn enamorado ; El obstáculo ; Los Monneron ; Inquietudes del espíritu y del corazón ; La Unión Tolstoi ; Camino del crimen ; Los hermanos y la hermana ; Corazón de jovencita ; Et ne nos inducas ; La catástrofe ; Padre e hijo ; Brigitte Ferrand
506 _aConsulta en sala
546 _aTexto en francés
650 7 _97794
_aLiteratura francesa
_ySiglo XX
650 7 _954495
_aEnsayos franceses
_ySiglo XX
650 7 _99815
_aAutores franceses
690 _aLiteratura europea
_926524
942 _cLIBRO
_e1
_2LOCAL
_hE47N022
999 _c310869
_d310869